000 nam a22 7a 4500
999 _c10397
_d10397
008 180216b ||||| |||| 00| 0 eng d
100 _aJoseph,B.
_96350
245 _aConnect With Computers-III
260 _aNew Delhi